| 000 | 01388nam2a2200373 4500 | ||
|---|---|---|---|
| 001 | RU\NLR\DIGIT\106684 | ||
| 005 | 20250806203826.0 | ||
| 035 | _a(NLR Aleph) 010164806 | ||
| 090 |
_a60820 _c60820 |
||
| 100 | _a20250806 rusy50 | ||
| 101 | 0 | _arus | |
| 102 | _aRU | ||
| 135 | _acrbn 001aaada | ||
| 200 | 1 | _a1942, № 17 (25 апр.) | |
| 210 | _d1942 | ||
| 215 | _a4 с. | ||
| 325 | _aКопия доступна в Электрон. б-ке РНБ http://vivaldi.nlr.ru/pn000011440/view | ||
| 461 | 0 |
_1001RU\NLR\DIGIT\105749 _12001#$v1942, № 17 (25 апр.)$aЛитературная газета |
|
| 610 | 0 | _aЛитературная газета - 1942 | |
| 610 | 0 | _aЛитература и искусство - 1942 | |
| 702 | 1 |
_aФадеев _bА. _4340 |
|
| 702 | 1 |
_aЗуева _bТ. _4340 |
|
| 801 | 2 |
_aRU _bNLR _c20110408 _2rusmarc |
|
| 852 |
_aNLR _jМ 341 _pС 3483 |
||
| 856 | 0 | _uhttp://vivaldi.nlr.ru/pn000011440/view | |
| 856 | 1 | _uhttp://vivaldi.nlr.ru/pn000011440/cover | |
| 856 | 2 | _uhttp://vivaldi.nlr.ru/pn000011440/text | |
| 942 | _cISSNP | ||
| 945 | _aРоссийская национальная библиотека | ||
| 980 | _aNB | ||
| 980 | _aBV | ||
| 981 | 3 | 6 | _a(36) Цифровой репозиторий РНБ |
| 981 | 2 | 7 |
_a(27) Периодические издания _b(27) Газеты |